000 00497nam a2200193 a 4500
001 1770282761539
003 YourLibrary
005 20260205144420.0
008 260205s2007##################000#0#eng##
020 _a9780520247932
082 0 4 _a306
_bBIE
100 1 _aBiehl, João Guilherme,
_eauthor.
245 1 0 _aSubjectivity :
260 _bUniv of California Press,
_c2007.
300 _a477 pages
650 0 _aPhilosophy.
942 _cENGLISH
040 _aYourLibrary
_beng
_cYourLibrary
999 _c610288
_d610288